[Event "Szolnok op"]
[Site "Szolnok"]
[Date "2022.06.19"]
[Round "7"]
[White "Merena, Laszlo"]
[Black "Torda, David"]
[Result "1-0"]
[WhiteElo "1720"]
[BlackElo "1393"]
[PlyCount "109"]
[EventDate "2022.06.16"]
[EventType "swiss"]
[EventRounds "7"]
[EventCountry "HUN"]
[SourceTitle "CBM 209 Extra"]
[Source "ChessBase"]
[SourceDate "2022.09.30"]
[SourceVersion "1"]
[SourceVersionDate "2022.09.30"]
[SourceQuality "1"]

1. e4 c6 2. f4 d5 3. e5 e6 4. c3 Ne7 5. a4 a5 6. d4 Nf5 7. Nf3 Be7 8. Bd3 Nh6 9. Na3 b6 10. Nc2 Ba6 11. Ne3 Bxd3 12. Qxd3 Nd7 13. f5 Nxf5 14. Nxf5 exf5 15. Qxf5 0-0 16. 0-0 c5 17. b3 cxd4 18. cxd4 Rc8 19. Bd2 Nb8 20. Rac1 Na6 21. Qg4 Nb4 22. Bh6 g6 23. Bxf8 Rxc1 24. Rxc1 Bxf8 25. Rc8 Qe7 26. Qg5 f6 27. Qxf6 Qxf6 28. exf6 Kf7 29. Rb8 Kxf6 30. Rxb6+ Kf5 31. Rb5 Bh6 32. Kf2 Ke4 33. Rxa5 Nd3+ 34. Kf1 Nb2 35. Ra7 Be3 36. Rxh7 Nd1 37. a5 Kd3 38. a6 Bf4 39. Re7 g5 40. h3 Ne3+ 41. Rxe3+ Bxe3 42. a7 Ke4 43. a8Q Bf4 44. Qe8+ Kf5 45. b4 Kf6 46. b5 Kf5 47. b6 Kf6 48. b7 Kf5 49. Qf7+ Ke4 50. Qxf4+ Kxf4 51. b8Q+ Ke3 52. Qe5+ Kd3 53. Qxd5 Ke3 54. h4 Kd3 55. Qxg5 1-0

[Event "Szolnok op"]
[Site "Szolnok"]
[Date "2022.06.18"]
[Round "5"]
[White "Merena, Laszlo"]
[Black "Szabo, Imre K"]
[Result "1-0"]
[WhiteElo "1720"]
[BlackElo "1394"]
[PlyCount "39"]
[EventDate "2022.06.16"]
[EventType "swiss"]
[EventRounds "7"]
[EventCountry "HUN"]
[SourceTitle "CBM 209 Extra"]
[Source "ChessBase"]
[SourceDate "2022.09.30"]
[SourceVersion "1"]
[SourceVersionDate "2022.09.30"]
[SourceQuality "1"]

1. e4 c5 2. f4 Qc7 3. d3 Nc6 4. c3 d6 5. Be3 g6 6. Nd2 Bg7 7. Ngf3 e6 8. Rc1 Bd7 9. Be2 Nge7 10. 0-0 f5 11. b4 cxb4 12. cxb4 b5 13. Qb3 Qb7 14. Ng5 Nd4 15. Bxd4 Bxd4+ 16. Kh1 d5 17. Bf3 h6 18. exd5 Nxd5 19. Rfe1 hxg5 20. Bxd5 1-0

[Event "Szolnok op"]
[Site "Szolnok"]
[Date "2022.06.18"]
[Round "6"]
[White "Varga, Boldizsar1111"]
[Black "Merena, Laszlo"]
[Result "1-0"]
[WhiteElo "1772"]
[BlackElo "1720"]
[PlyCount "31"]
[EventDate "2022.06.16"]
[EventType "swiss"]
[EventRounds "7"]
[EventCountry "HUN"]
[SourceTitle "CBM 209 Extra"]
[Source "ChessBase"]
[SourceDate "2022.09.30"]
[SourceVersion "1"]
[SourceVersionDate "2022.09.30"]
[SourceQuality "1"]

1. Nf3 f5 2. d3 d6 3. e4 e5 4. Nc3 c6 5. Be2 Be7 6. 0-0 Be6 7. exf5 Bxf5 8. Be3 Nf6 9. d4 Nbd7 10. dxe5 dxe5 11. h3 Qc7 12. Bc4 h6 13. Qe2 0-0-0 14. a4 g5 15. Bxa7 b6 16. Ba6+ 1-0

[Event "Szolnok op"]
[Site "Szolnok"]
[Date "2022.06.16"]
[Round "2"]
[White "Kunos, Zoltan"]
[Black "Merena, Laszlo"]
[Result "1-0"]
[WhiteElo "2027"]
[BlackElo "1720"]
[PlyCount "79"]
[EventDate "2022.06.16"]
[EventType "swiss"]
[EventRounds "7"]
[EventCountry "HUN"]
[SourceTitle "CBM 209 Extra"]
[Source "ChessBase"]
[SourceDate "2022.09.30"]
[SourceVersion "1"]
[SourceVersionDate "2022.09.30"]
[SourceQuality "1"]

1. d4 f5 2. Nc3 d5 3. Bf4 c6 4. e3 Nf6 5. Nf3 e6 6. Bd3 Bd6 7. Ne5 Qc7 8. Bg3 Nbd7 9. f4 0-0 10. 0-0 Ne4 11. Nxe4 dxe4 12. Be2 b6 13. c4 Bb7 14. Qa4 g5 15. Rad1 Rad8 16. b4 c5 17. Nxd7 Bc6 18. Qb3 Bxd7 19. dxc5 bxc5 20. b5 e5 21. fxe5 Bxe5 22. Bxe5 Qxe5 23. Rd5 Qc7 24. Qc3 Be6 25. Rxd8 Qxd8 26. Qe5 Qf6 27. Qxc5 Rf7 28. Qd4 Kg7 29. c5 Bxa2 30. Qxf6+ Kxf6 31. g4 Ke5 32. gxf5 Rxf5 33. Rxf5+ Kxf5 34. b6 axb6 35. cxb6 Bd5 36. Ba6 Kg4 37. Kg2 h5 38. Bc8+ Kh4 39. b7 Bxb7 40. Bxb7 1-0

[Event "HUN-chT2 Toth 1516"]
[Site "Hungary"]
[Date "2015.12.06"]
[Round "6.8"]
[White "Merena, Laszlo"]
[Black "Szekeres, Janos"]
[Result "1/2-1/2"]
[WhiteElo "1882"]
[BlackElo "1757"]
[PlyCount "60"]
[EventDate "2015.09.13"]
[EventType "team-tourn"]
[EventRounds "11"]
[EventCountry "HUN"]
[SourceTitle "CBM 170 Extra"]
[Source "ChessBase"]
[SourceDate "2016.02.25"]
[SourceVersion "1"]
[SourceVersionDate "2016.02.25"]
[SourceQuality "1"]
[WhiteTeam "Ujszasz"]
[BlackTeam "Toth Laszlo II"]
[WhiteTeamCountry "HUN"]
[BlackTeamCountry "HUN"]

1. e4 c5 2. f4 e5 3. Bc4 Nc6 4. Nf3 d6 5. d3 Be7 6. 0-0 Bg4 7. c3 Bxf3 8. Rxf3 Bf6 9. Be3 Nge7 10. Nd2 a6 11. a4 Rb8 12. a5 Nxa5 13. fxe5 Nxc4 14. Nxc4 Bxe5 15. Nxe5 dxe5 16. Qa4+ Nc6 17. Bxc5 Qd7 18. Raf1 f6 19. d4 exd4 20. Rd1 Ne5 21. Qxd7+ Nxd7 22. Bxd4 0-0 23. Ba7 Ra8 24. Rxd7 Rxa7 25. Rfd3 Rfa8 26. Kf2 b5 27. Ke3 h6 28. Kf4 Kh7 29. R3d6 Rxd7 30. Rxd7 Rb8 1/2-1/2

[Event "HUN-chT2 Erkel 0809"]
[Site "Hungary"]
[Date "2009.02.08"]
[Round "7.10"]
[White "Gaspar, Imre"]
[Black "Merena, Laszlo"]
[Result "1/2-1/2"]
[WhiteElo "1916"]
[BlackElo "2026"]
[PlyCount "30"]
[EventDate "2008.10.26"]
[EventType "team-tourn"]
[EventRounds "11"]
[EventCountry "HUN"]
[SourceTitle "EXT 2010"]
[Source "ChessBase"]
[SourceDate "2010.11.25"]
[SourceVersion "1"]
[SourceVersionDate "2010.11.25"]
[SourceQuality "1"]
[WhiteTeam "Keviterv"]
[BlackTeam "Ujszasz"]
[WhiteTeamCountry "HUN"]
[BlackTeamCountry "HUN"]

1. d4 f5 2. c4 e6 3. Nc3 Nf6 4. Nf3 Be7 5. g3 b6 6. Bg2 Bb7 7. 0-0 0-0 8. Bg5 Ne4 9. Bxe7 Qxe7 10. e3 d6 11. d5 Nxc3 12. bxc3 e5 13. h4 Nd7 14. Ng5 Nc5 15. Bh3 h6 1/2-1/2

[Event "HUN-chT2 Erkel 0708"]
[Site "Hungary"]
[Date "2008.05.18"]
[Round "11"]
[White "Kormos, Adam"]
[Black "Merena, Laszlo"]
[Result "1-0"]
[WhiteElo "2119"]
[BlackElo "2040"]
[PlyCount "83"]
[EventDate "2007.10.14"]
[EventType "team"]
[EventRounds "11"]
[EventCountry "HUN"]
[SourceTitle "EXT 2009"]
[Source "ChessBase"]
[SourceDate "2008.11.26"]
[SourceVersion "1"]
[SourceVersionDate "2008.11.26"]
[SourceQuality "1"]
[WhiteTeam "BEAC II"]
[BlackTeam "Ujszasz"]
[WhiteTeamCountry "HUN"]
[BlackTeamCountry "HUN"]

1. e4 e5 2. Nc3 d6 3. Nf3 c6 4. Bc4 Be7 5. d4 b5 6. Bb3 b4 7. Ne2 Nf6 8. Ng3 Qc7 9. 0-0 0-0 10. c3 a5 11. Bc2 Bg4 12. h3 Be6 13. Qe2 Re8 14. Nh2 Nbd7 15. f4 Nb6 16. Bd3 exd4 17. cxd4 c5 18. e5 dxe5 19. dxe5 c4 20. Bc2 Bc5+ 21. Kh1 Bd5 22. Ng4 Nbd7 23. Ne4 Nxe4 24. Bxe4 Qc6 25. Bxd5 Qxd5 26. Rd1 Qe6 27. Be3 Rad8 28. Nf2 Bxe3 29. Rd6 Qe7 30. Rxd7 Qxd7 31. Qxe3 Qd4 32. Qg3 Qxb2 33. Rf1 Qc2 34. Ng4 Kf8 35. f5 Rd1 36. Rxd1 Qxd1+ 37. Kh2 Qe2 38. f6 h5 39. fxg7+ Ke7 40. Qh4+ Ke6 41. Qf6+ Kd7 42. Qxf7+ 1-0

[Event "HUN-chT2 Erkel 0708"]
[Site "Hungary"]
[Date "2007.12.16"]
[Round "5"]
[White "Kalmar, Karoly"]
[Black "Merena, Laszlo"]
[Result "1-0"]
[WhiteElo "2004"]
[BlackElo "2040"]
[PlyCount "109"]
[EventDate "2007.10.14"]
[EventType "team"]
[EventRounds "11"]
[EventCountry "HUN"]
[SourceTitle "EXT 2009"]
[Source "ChessBase"]
[SourceDate "2008.11.26"]
[SourceVersion "1"]
[SourceVersionDate "2008.11.26"]
[SourceQuality "1"]
[WhiteTeam "Dunaharaszti II"]
[BlackTeam "Ujszasz"]
[WhiteTeamCountry "HUN"]
[BlackTeamCountry "HUN"]

1. d4 f5 2. c4 e6 3. g3 d5 4. Bg2 c6 5. Nf3 dxc4 6. 0-0 Be7 7. Qc2 Nf6 8. Qxc4 Qd5 9. Qc2 Qe4 10. Qxe4 Nxe4 11. Nc3 Nd6 12. b3 Nd7 13. Ba3 Rb8 14. Rac1 h6 15. Ne5 Nxe5 16. dxe5 Nf7 17. Bxe7 Kxe7 18. f4 Rd8 19. Rfd1 Rxd1+ 20. Nxd1 Bd7 21. Nb2 Rd8 22. Nd3 Be8 23. Kf2 Kd7 24. Nc5+ Ke7 25. Nxb7 Rc8 26. Na5 Nd8 27. Nc4 Nb7 28. Rd1 Rd8 29. Rxd8 Kxd8 30. b4 Kc7 31. Ke3 Bd7 32. Kd4 c5+ 33. bxc5 Bc6 34. Bf1 Bd5 35. Nd6 Bxa2 36. Bg2 Na5 37. Kc3 Bd5 38. Bxd5 exd5 39. Nxf5 g6 40. Ne7 Nb7 41. Kd4 a5 42. Nxd5+ Kc6 43. Nc3 Nxc5 44. e4 a4 45. f5 gxf5 46. exf5 a3 47. Kc4 Ne4 48. Kb3 a2 49. Nxa2 Nd2+ 50. Kc3 Nf1 51. Kd4 Nxh2 52. Nc3 h5 53. Ke4 Kd7 54. Nd5 Nf1 55. Nf6+ 1-0

[Event "HUN-chT2 Erkel 0708"]
[Site "Hungary"]
[Date "2007.11.25"]
[Round "3"]
[White "Sandor, Tamas"]
[Black "Merena, Laszlo"]
[Result "1/2-1/2"]
[WhiteElo "2003"]
[BlackElo "2040"]
[PlyCount "115"]
[EventDate "2007.10.14"]
[EventType "team"]
[EventRounds "11"]
[EventCountry "HUN"]
[SourceTitle "EXT 2009"]
[Source "ChessBase"]
[SourceDate "2008.11.26"]
[SourceVersion "1"]
[SourceVersionDate "2008.11.26"]
[SourceQuality "1"]
[WhiteTeam "HMO"]
[BlackTeam "Ujszasz"]
[WhiteTeamCountry "HUN"]
[BlackTeamCountry "HUN"]

1. Nf3 d5 2. b3 Bg4 3. Bb2 Nd7 4. d4 Ngf6 5. Ne5 Bh5 6. Nd2 e6 7. h3 Nxe5 8. dxe5 Ne4 9. Nxe4 dxe4 10. Qd4 Qxd4 11. Bxd4 Bb4+ 12. c3 0-0-0 13. a3 Rxd4 14. axb4 Rd5 15. Rxa7 Kb8 16. Ra5 Rhd8 17. Rxd5 Rxd5 18. g4 Bg6 19. e3 Rxe5 20. h4 h5 21. g5 Rd5 22. Be2 e5 23. c4 Rd6 24. Bd1 Rb6 25. b5 c6 26. bxc6 bxc6 27. Kd2 c5 28. Bc2 f5 29. Kc3 f4 30. Rd1 Ra6 31. Rd8+ Kc7 32. Rg8 Bf5 33. Rxg7+ Kd6 34. Rf7 Be6 35. Rf6 fxe3 36. fxe3 Ra1 37. Bxe4 Ke7 38. Rf2 Re1 39. Kd2 Rg1 40. Bf5 Rh1 41. Bxe6 Kxe6 42. Rf6+ Kd7 43. g6 Rxh4 44. Rf5 Ke6 45. Rg5 Rg4 46. Rxh5 Rxg6 47. Rh7 Kf5 48. Rc7 Rg2+ 49. Kd3 Rb2 50. Kc3 Re2 51. Rxc5 Rxe3+ 52. Kb4 Ke4 53. Rb5 Kd3 54. c5 Kc2 55. Kc4 Rd3 56. c6 e4 57. Rd5 e3 58. b4 1/2-1/2

[Event "HUN-chT2 Erkel 0405"]
[Site "Hungary"]
[Date "2004.10.10"]
[Round "2"]
[White "Merena, Laszlo"]
[Black "Kormos, Lajos"]
[Result "1/2-1/2"]
[WhiteElo "2087"]
[BlackElo "2103"]
[PlyCount "64"]
[EventDate "2004.09.26"]
[EventType "team"]
[EventRounds "11"]
[EventCountry "HUN"]
[SourceTitle "EXT 2009"]
[Source "ChessBase"]
[SourceDate "2008.11.26"]
[SourceVersion "1"]
[SourceVersionDate "2008.11.26"]
[SourceQuality "1"]
[WhiteTeam "Ujszasz"]
[BlackTeam "Metroepszolg"]
[WhiteTeamCountry "HUN"]
[BlackTeamCountry "HUN"]

1. e4 c5 2. f4 e6 3. Nf3 d5 4. e5 Nc6 5. c3 Nge7 6. a4 Bd7 7. d3 Nf5 8. Be2 h5 9. Na3 Qb6 10. Rb1 c4 11. b4 Ne3 12. Bxe3 Qxe3 13. Qd2 Qxd2+ 14. Kxd2 cxd3 15. Bxd3 a5 16. Nb5 Rc8 17. bxa5 Nxa5 18. Nfd4 Bc5 19. Nb3 Nxb3+ 20. Rxb3 Ke7 21. Nd6 Bxd6 22. exd6+ Kxd6 23. Rxb7 Bxa4 24. Rxf7 Rhf8 25. Rxf8 Rxf8 26. g3 h4 27. Ra1 Bc6 28. Ra6 hxg3 29. hxg3 Ra8 30. Ke3 Rxa6 31. Bxa6 e5 32. fxe5+ Kxe5 1/2-1/2

[Event "HUN-chT2 Erkel 0304"]
[Site "Hungary"]
[Date "2003.10.05"]
[Round "2"]
[White "Merena, Laszlo"]
[Black "Adam, Gyorgy"]
[Result "1/2-1/2"]
[WhiteElo "2116"]
[BlackElo "2100"]
[PlyCount "101"]
[EventDate "2003.09.28"]
[EventType "team"]
[EventRounds "11"]
[EventCountry "HUN"]
[SourceTitle "EXT 2009"]
[Source "ChessBase"]
[SourceDate "2008.11.26"]
[SourceVersion "1"]
[SourceVersionDate "2008.11.26"]
[SourceQuality "1"]
[WhiteTeam "Ujszasz"]
[BlackTeam "Barcza"]
[WhiteTeamCountry "HUN"]
[BlackTeamCountry "HUN"]

1. e4 c5 2. f4 d5 3. e5 Nc6 4. Nf3 e6 5. c3 Nge7 6. a4 Nf5 7. Na3 Be7 8. d3 Bd7 9. Bd2 Qb6 10. Rb1 0-0 11. Be2 f6 12. 0-0 c4+ 13. Kh1 cxd3 14. Bxd3 fxe5 15. a5 Qxa5 16. c4 Qb6 17. cxd5 exd5 18. fxe5 g6 19. Qe1 Ncd4 20. Ba5 Nxf3 21. Rxf3 Qe6 22. Nb5 Bxb5 23. Bxb5 Nd4 24. Rxf8+ Rxf8 25. Bd3 Nc6 26. Bc3 d4 27. Qe4 Rf5 28. Bxd4 Kg7 29. Re1 Bb4 30. Rc1 Ba5 31. Bc4 Qd7 32. Rd1 Nxd4 33. Rxd4 Qc7 34. Rd5 Bb4 35. h3 a6 36. e6 Rxd5 37. Qxd5 b5 38. Qd4+ Kh6 39. Qe3+ g5 40. h4 Be7 41. Bd3 Qf4 42. hxg5+ Qxg5 43. Qh3+ Qh4 44. Kg1 Kg7 45. Qxh4 Bxh4 46. Kf1 h6 47. Bf5 Kf6 48. g4 Ke5 49. Ke2 Kf4 50. e7 Bxe7 51. Bc8 1/2-1/2

[Event "HUN-chT2 Maroczy 0001"]
[Site "Hungary"]
[Date "2001.04.22"]
[Round "11"]
[White "Koczka, Zsolt"]
[Black "Merena, Laszlo"]
[Result "1-0"]
[WhiteElo "2268"]
[BlackElo "2035"]
[PlyCount "61"]
[EventDate "2000.11.26"]
[EventType "team"]
[EventRounds "11"]
[EventCountry "HUN"]
[SourceTitle "EXT 2007"]
[Source "ChessBase"]
[SourceDate "2006.11.23"]
[SourceVersion "1"]
[SourceVersionDate "2006.11.23"]
[SourceQuality "1"]
[WhiteTeam "Budapest Matador"]
[BlackTeam "Ujszasz"]
[WhiteTeamCountry "HUN"]
[BlackTeamCountry "HUN"]

1. d4 f5 2. Bg5 d5 3. e3 Nd7 4. Bd3 Ndf6 5. Nf3 c6 6. 0-0 e6 7. c4 g6 8. Nc3 Bg7 9. b4 Ne7 10. Ne5 0-0 11. f4 Ne4 12. Nxe4 fxe4 13. Be2 Qe8 14. g4 a5 15. bxa5 dxc4 16. Nxc4 Nd5 17. Rc1 Qd7 18. Qd2 Qc7 19. Kh1 Bd7 20. a3 Be8 21. Rb1 Kh8 22. Nb6 Ra7 23. Rfc1 Bf7 24. Rc5 Bg8 25. Nc4 Rfa8 26. Nb6 Rb8 27. Nxd5 exd5 28. Rb6 Be6 29. Qb2 Rba8 30. a6 bxa6 31. Rcxc6 1-0

[Event "HUN-chT2 Maroczy 0001"]
[Site "Hungary"]
[Date "2001.03.25"]
[Round "9"]
[White "Dudas, Peter"]
[Black "Merena, Laszlo"]
[Result "1/2-1/2"]
[WhiteElo "2159"]
[BlackElo "2035"]
[PlyCount "21"]
[EventDate "2000.11.26"]
[EventType "team"]
[EventRounds "11"]
[EventCountry "HUN"]
[SourceTitle "EXT 2007"]
[Source "ChessBase"]
[SourceDate "2006.11.23"]
[SourceVersion "1"]
[SourceVersionDate "2006.11.23"]
[SourceQuality "1"]
[WhiteTeam "Edeleny"]
[BlackTeam "Ujszasz"]
[WhiteTeamCountry "HUN"]
[BlackTeamCountry "HUN"]

1. e4 e5 2. Nf3 d6 3. d4 Nf6 4. Nc3 Nbd7 5. Bc4 h6 6. 0-0 c6 7. dxe5 dxe5 8. Bxf7+ Kxf7 9. Nxe5+ Kg8 10. Ng6 Qe8 11. Nxh8 1/2-1/2